Jsou obce důvěryhodným klientem bank?

Bankový sektor v Českej republike. Zvýšená obozretnosť bánk pri požičiavaní peňazí a znižovaní objemu poskytnutých úverov. Požičiavanie peňazí obciam. Príjmy obcí.

Guardado en:
Detalles Bibliográficos
Autor principal: Kameníčková, Věra
Otros Autores: Pirohanič, Ondřej
Formato: Capítulo de libro
Lenguaje:checo
Materias:
Etiquetas: Agregar Etiqueta
Sin Etiquetas, Sea el primero en etiquetar este registro!

MARC

LEADER 00000naa$a2200000$$$4500
001 0094133
005 20231129092600.7
041 0 |a cze 
044 |a CZ 
245 1 0 |a Jsou obce důvěryhodným klientem bank?  |c Věra Kameníčková, Ondřej Pirohanič 
520 |a Bankový sektor v Českej republike. Zvýšená obozretnosť bánk pri požičiavaní peňazí a znižovaní objemu poskytnutých úverov. Požičiavanie peňazí obciam. Príjmy obcí. 
610 2 0 |a obce 
610 2 0 |a klienti 
610 2 0 |a banky 
610 2 0 |a kríza 
610 2 0 |a úver 
100 1 |a Kameníčková, Věra 
700 1 |a Pirohanič, Ondřej